| 000 | 00415nam a2200169Ia 4500 | ||
|---|---|---|---|
| 008 | 221030s9999 xx 000 0 und d | ||
| 020 | _a8125931393 | ||
| 041 | _aEnglish | ||
| 082 | _a105.23 | ||
| 100 | _aS. Kalavathy | ||
| 245 | 0 |
_aOperations Research with C Programs _cby S. Kalavathy |
|
| 250 | _a3rd | ||
| 260 |
_bVikas Pub House _aNew Delhi _c2011 |
||
| 300 | _a551 | ||
| 650 | _aManagement | ||
| 942 | _cBK | ||
| 999 |
_c10091 _d10091 |
||